Welcome to WEB OPAC of MRSPTU Central Library

Skoog and West's Fundamentals of Analytical Chemistry (Record no. 6739)

MARC details
000 -LEADER
fixed length control field 00459nam a2200181Ia 4500
008 - FIXED-LENGTH DATA ELEMENTS--GENERAL INFORMATION
fixed length control field 230711s9999||||xx |||||||||||||| ||und||
020 ## - INTERNATIONAL STANDARD BOOK NUMBER
International Standard Book Number 978-81-315-2269-1
041 ## - LANGUAGE CODE
Language code of text/sound track or separate title ENG
082 ## - DEWEY DECIMAL CLASSIFICATION NUMBER
Classification number 543
Item number HO-S
100 ## - MAIN ENTRY--PERSONAL NAME
Personal name Holler, F.James
245 #0 - TITLE STATEMENT
Title Skoog and West's Fundamentals of Analytical Chemistry
250 ## - EDITION STATEMENT
Edition statement 9th Ed.
260 ## - PUBLICATION, DISTRIBUTION, ETC.
Date of publication, distribution, etc. 2014
Place of publication, distribution, etc. Delhi
Name of publisher, distributor, etc. Cengage Learning
300 ## - PHYSICAL DESCRIPTION
Extent 1050p.
650 ## - SUBJECT ADDED ENTRY--TOPICAL TERM
Topical term or geographic name entry element Chemistry
700 ## - ADDED ENTRY--PERSONAL NAME
Personal name Crouch,Stanley R
942 ## - ADDED ENTRY ELEMENTS (KOHA)
Koha item type Book
Holdings
Withdrawn status Lost status Damaged status Not for loan Collection Home library Current library Date acquired Source of acquisition Cost, normal purchase price Inventory number Total checkouts Full call number Barcode Date last seen Price effective from Koha item type Date last checked out
          MRSPTU Central Library MRSPTU Central Library 10/08/2043 Krishna Book Distributors 975.00 KBD/2017-2018/1019943059   543 HO-S 40129 08/17/2023 08/17/2023 Book  
          MRSPTU Central Library MRSPTU Central Library 10/08/2043 Krishna Book Distributors 975.00 KBD/2017-2018/1019943059   543 HO-S 40130 08/17/2023 08/17/2023 Book  
          MRSPTU Central Library MRSPTU Central Library 10/08/2043 Krishna Book Distributors 975.00 KBD/2017-2018/1019943059   543 HO-S 40131 08/17/2023 08/17/2023 Book  
          MRSPTU Central Library MRSPTU Central Library 10/08/2043 Krishna Book Distributors 975.00 KBD/2017-2018/1019943059 1 543 HO-S 40132 09/11/2025 08/17/2023 Book 08/21/2025

Website Designed and Developed by MRSPTU Central Library Team

E-mail Id: librarian@mrsptu.ac.in